• 首页
  • 本馆介绍
  • 公告通知
  • 最新文献
  • 馆藏检索
  • 电子资源
  • 读者导购
  • 参考咨询
  • 我的图书馆
  • 登录
  • 详细信息显示
  • 放入我的书架
  • 预约/预借图书
  • 作者相关作品
  • 分类相关作品
  • 丛书相关作品
  • 出版社相关作品

书目信息

  • 表格格式
  • 工作单格式
  • 卡片格式
题名:
开创移动互联网新商机
    
 
作者: 张其金 编著
分册:  
出版信息: 北京   中国商业出版社  2016.11
页数: 331页
开本: 25cm
丛书名:
单 册:
中图分类: F71
科图分类:
主题词: 商业模式--研究
电子资源:
ISBN: 978-7-5044-9629-4
000 00968nam0 2200229 45
001 012001004650
005 20140928162350.0
010    @a978-7-5044-9629-4@dCNY68.80
100    @a20161023d2016 em y0chiy0110 ea
101 0  @achi
102    @aCN@b110000
105    @ay z 000yy
106    @ar
200 1  @a开创移动互联网新商机@9kai chuang yi dong hu lian wang xin shang ji@f张其金编著
210    @a北京@c中国商业出版社@d2016.11
215    @a331页@d25cm
330    @a移动互联网是互联网发展的最新成果和趋势,移动互联网的商机在于创新。传统互联网时代的大佬们,如百度、腾讯,他们将自己的传统业务扩展至移动互联网其实是比较容易的,在这些业务上要去和他们竞争是没有优势的。创新的目的在于尽量摆脱传统互联网大佬们的既有业务优势,寻找他们尚未开展的专属于移动互联网领域的新业务,从而开创全新的商业模式和经济收益。
606 0  @a商业模式@x研究
690    @aF71@v5
701  0 @a张其金@9zhang qi jin@4编著
801  0 @aCN@b上海新华@c20180901
905    @b1166670-4@dF71@e1086@f5
    
    开创移动互联网新商机/张其金编著.-北京:中国商业出版社,2016.11
    331页;25cm
    
    
    ISBN 978-7-5044-9629-4:CNY68.80
    移动互联网是互联网发展的最新成果和趋势,移动互联网的商机在于创新。传统互联网时代的大佬们,如百度、腾讯,他们将自己的传统业务扩展至移动互联网其实是比较容易的,在这些业务上要去和他们竞争是没有优势的。创新的目的在于尽量摆脱传统互联网大佬们的既有业务优势,寻找他们尚未开展的专属于移动互联网领域的新业务,从而开创全新的商业模式和经济收益。
●
相关链接 在E读中查询图书 在五车中查询图书 在当当中查询图书 在豆瓣中查询图书


正题名:开创移动互联网新商机     索取号:F71/1086         预约/预借

序号 登录号 条形码 馆藏地/架位号 状态 备注
1 1166670   211666703   第一样本阅览室/ [索取号:F71/1086] 在馆    
2 1166671   211666712   密集书库-海洋学院/ [索取号:F71/1086] 在馆    
3 1166672   211666721   第一借阅区/ [索取号:F71/1086] 在馆    
4 1166673   211666730   第一借阅区/ [索取号:F71/1086] 在馆    
5 1166674   211666749   第一借阅区/ [索取号:F71/1086] 在馆    
唐山师范学院图书馆 欢迎您!
大连网信软件有限公司© 版权所有